000 00516nam a2200181Ia 4500
005 20250508154628.0
008 008 250505s9999 xx 000 0 eng d
020 _a0-03-910194-0
037 _aReference
040 _aFEDL
_beng
_cFEDL
041 _aeng
_2eng
084 _a370.954, IND
_qFEDL
245 0 _aReport of the education commission 1964-66
245 0 _cGovernment of India. Education (Ministry of...)
300 _a683p.
942 _cREF
_h370.954, IND
999 _c1351307
_d1351307